000 00304nam a22001337a 4500
020 _a817826304-1
082 _a823
_bDIC/G
100 _aCHARLES DICKENS
245 _aGREAT EXPECTATIONS
260 _aDELHI
_bROHAN BOOK COMPANY
_c2003
300 _a219
650 _aMODERN ILLUSTRATED CLASSICS
942 _cBK
999 _c310
_d310